00000000nas 2200000zi 4500
0019.921859
003CaOODSP
00520230421110231
006m     o  d f      
007cr bn|||||||||
008230421d19521976oncuu p o    f000#a0fre|d
040 |aCaOODSP|bfre|erda|cCaOODSP
041 |aeng|afre
043 |an-cn---
0861 |aPF1-8-PDF
24500|aDaily checklist of government publications |bListe quotidienne des publications fédérales.
24611|aListe quotidienne des publications fédérales
264 1|aOttawa : |bDépartement des impressions et de la papeterie publiques, |c[1952-1976]
3620 |a7 novembre 1952 - 9 avril 1976.
500 |aÉdition numérisée de l’imprimé [par la Direction des Édition et Services de dépôt].
515 |aLes numérotations commencent chaque année avec le no 1.
546 |aTexte en anglais et en français.
550 |aPublié par Dép. des impressions et de la papeterie publique; par l'Imprimeur de la Reine; par Information Canada.
7101 |aCanada. |bDépartement des impressions et de la papeterie publiques‏., |eorganisme de publication.
7101 |aCanada. |bImprimeur de la Reine, |eorganisme de publication.
7101 |aCanada.|bInformation Canada, |eorganisme de publication.
78500|tDaily checklist of Canadian government publications |w(CaOODSP)9.809109
791 |tDaily checklist of government publications = |eeng|w(CaOODSP)9.921861